Provincias de Países Bajos con un mapa - Estadísticas

Estadísticas generales
  • Esta prueba ha sido intentada 24 veces
  • La puntuación promedio es 7 de 12
Respuestas en el mapa
Las respuestas están codificadas por una escala verde-roja en el mapa de la prueba según el % correcto abajo.
 
Estadísticas de respuestas
Provincia % Correcto
Holanda Meridional
76%
Holanda Septentrional
76%
Utrecht
76%
Frisia
59%
Zelanda
59%
Brabante Septentrional
53%
Groninga
53%
Flevoland
47%
Limburgo
47%
Güeldres
41%
Drente
35%
Overijssel
29%
No se encontraron pruebas coincidentes
Distribución de puntuación
Porcentaje de gente con cada puntuación
Porcentaje por número respondido
Historial de tus puntuaciones
No has intentado esta prueba.